| 000 | 00780nam a2200169 a 4500 | ||
|---|---|---|---|
| 005 | 20210219152140.0 | ||
| 008 | 991125s1965 mx 000 0 spa u | ||
| 035 | _aUPN01000047876 | ||
| 049 | _aSEP | ||
| 050 | 4 |
_aLE7.2919 I265 _bP4.2g |
|
| 110 | 2 |
_aInstituto Politécnico Nacional (México). _bPatronato para el Fomento de las Actividades de Alta Especialización Docente |
|
| 245 | 1 | 0 |
_aPrograma piloto de cursos de especialización / _cInstituto Politécnico Nacional, Patronato para el Fomento de las Actividades de Alta Especialización Docente. |
| 260 |
_aMéxico : _bIPN, _c1965. |
||
| 300 | _a60 p. | ||
| 610 | 2 | 4 |
_aINSTITUTO POLITECNICO NACIONAL (MEXICO). _bPATRONATO PARA EL FOMENTO DE LAS ACTIVIDADES DE ALTA ESPECIALIZACION DOCENTE - _vPLANES Y PROGRAMAS |
| 905 | _aLibro | ||
| 999 |
_c47876 _d47876 |
||